Fr. Conceicao Rodrigues College of Engineering

Plastics engineering (Record no. 19229)

MARC details
000 -LEADER
fixed length control field 00283nam a2200133Ia 4500
082 ## - DEWEY DECIMAL CLASSIFICATION NUMBER
Classification number 668.4
Item number CRA
100 ## - MAIN ENTRY--PERSONAL NAME
Personal name Crawfork/ R.J
245 ## - TITLE STATEMENT
Title Plastics engineering
260 ## - PUBLICATION, DISTRIBUTION, ETC.
Name of publisher, distributor, etc. Pergamon press
Place of publication, distribution, etc. Oxford
Date of publication, distribution, etc. 1987
300 ## - PHYSICAL DESCRIPTION
Extent 354
546 ## - LANGUAGE NOTE
Language note ENGLISH
654 ## - SUBJECT ADDED ENTRY--FACETED TOPICAL TERMS
Focus term Plastics
942 ## - ADDED ENTRY ELEMENTS (KOHA)
Koha item type BOOK
Holdings
Withdrawn status Lost status Damaged status Not for loan Collection Home library Current library Shelving location Date acquired Source of acquisition Cost, normal purchase price Total Checkouts Full call number Barcode Date last seen Cost, replacement price Price effective from Koha item type
        CRC Fr. Agnel's C.Rodrigues College of Engineering Fr. Agnel's C.Rodrigues College of Engineering   17/03/2023 UBS 163.75   668.4 CRA 3003 17/03/2023 163.75 17/03/2023 BOOK